000 00809nam a22002537a 4500
001 7040
003 FISKH
005 20250619104139.0
008 250619b cb ||||| |||| 00| 0 eng d
020 _a9780439056847
040 _aFISKH
_beng
_cFISKH
_dFISKH
050 _aPZ5.C5642
082 _a654
100 _aWells, H. G.
245 _aClassic Tales of Terror :
_bRead 180 Stage B /
_cStories of suspense by H.G.Wells, Robert Louis Stevenson, Saki, Edgar Allan Poe , W.W. Jacobs and A.M. Burrage
260 _aNew York :
_bScholastic ,
_c1999.
300 _a53 pages :
_billustrations ;
_c20 cm .
505 _aK
520 _aThese stories have scared readers for decades.
521 8 _a510
_bLexile estimate
521 8 _aK
_bRaz-Plus
942 _2ddc
_cBK
_n0
999 _c7040
_d7040